00658nam a2200169Ia 4500003000900000008004100009040001600050080002400066100002500090245018300115260006100298300001400359650004200373650004200415650001900457650001200476IN-BaIIA211028s9999 xx 000 0 eng d cIIA Library a621.396(042.1)bMAX aMaxwell, James Clerk 4aThe collected Clerk Maxwell memorial lecturesbbeing the first four lectures given in the years between 1951 and 1960cJames Clerk Maxwell  aLondonbThe British Institution of Radio Engineersc1960 avii, 64p. aCollected works - James Clerk Maxwell aJames Clerk Maxwell - collected works aNASA thesaurus aPhysics